<?xml version="1.0" encoding="UTF-8"?>
<record
    xmlns:xsi="http://www.w3.org/2001/XMLSchema-instance"
    xsi:schemaLocation="http://www.loc.gov/MARC21/slim http://www.loc.gov/standards/marcxml/schema/MARC21slim.xsd"
    xmlns="http://www.loc.gov/MARC21/slim">

  <leader>01025cam a2200301 a 4500</leader>
  <controlfield tag="001">j  68005080 </controlfield>
  <controlfield tag="003">DLC</controlfield>
  <controlfield tag="005">20260227111523.0</controlfield>
  <controlfield tag="008">091113s1956    ja            000 0 jpn  </controlfield>
  <datafield tag="010" ind1=" " ind2=" ">
    <subfield code="a">j  68005080 </subfield>
    <subfield code="z">  2009289159</subfield>
  </datafield>
  <datafield tag="040" ind1=" " ind2=" ">
    <subfield code="a">DLC</subfield>
    <subfield code="c">DLC</subfield>
    <subfield code="d">DLC</subfield>
  </datafield>
  <datafield tag="043" ind1=" " ind2=" ">
    <subfield code="a">a-ja---</subfield>
  </datafield>
  <datafield tag="050" ind1="0" ind2="0">
    <subfield code="a">KNX4720</subfield>
    <subfield code="b">.D36 1956</subfield>
  </datafield>
  <datafield tag="066" ind1=" " ind2=" ">
    <subfield code="c">$1</subfield>
  </datafield>
  <datafield tag="100" ind1="1" ind2=" ">
    <subfield code="6">880-01</subfield>
    <subfield code="a">Dand&#x14D;, Shigemitsu,</subfield>
    <subfield code="d">1913-2012.</subfield>
  </datafield>
  <datafield tag="245" ind1="1" ind2="0">
    <subfield code="6">880-02</subfield>
    <subfield code="a">Sh&#x14D;nenh&#x14D; /</subfield>
    <subfield code="c">Dand&#x14D; Shigemitsu ... [et al.].</subfield>
  </datafield>
  <datafield tag="250" ind1=" " ind2=" ">
    <subfield code="6">880-03</subfield>
    <subfield code="a">Shohan.</subfield>
  </datafield>
  <datafield tag="260" ind1=" " ind2=" ">
    <subfield code="6">880-04</subfield>
    <subfield code="a">T&#x14D;ky&#x14D; :</subfield>
    <subfield code="b">Y&#x16B;hikaku,</subfield>
    <subfield code="c">Sh&#x14D;wa 31 [1956]</subfield>
  </datafield>
  <datafield tag="300" ind1=" " ind2=" ">
    <subfield code="a">6, 407, 10, 2 p. ;</subfield>
    <subfield code="c">16 cm.</subfield>
  </datafield>
  <datafield tag="490" ind1="0" ind2=" ">
    <subfield code="6">880-05</subfield>
    <subfield code="a">Poketto ch&#x16B;shaku zensho ;</subfield>
    <subfield code="v">5</subfield>
  </datafield>
  <datafield tag="650" ind1=" " ind2="0">
    <subfield code="a">Children</subfield>
    <subfield code="x">Legal status, laws, etc.</subfield>
    <subfield code="z">Japan.</subfield>
  </datafield>
  <datafield tag="650" ind1=" " ind2="0">
    <subfield code="a">Juvenile delinquency</subfield>
    <subfield code="z">Japan.</subfield>
  </datafield>
  <datafield tag="880" ind1="1" ind2=" ">
    <subfield code="6">100-01/$1</subfield>
    <subfield code="a">&#x5718;&#x85E4;&#x91CD;&#x5149;,</subfield>
    <subfield code="d">1913-2012.</subfield>
  </datafield>
  <datafield tag="880" ind1="1" ind2="0">
    <subfield code="6">245-02</subfield>
    <subfield code="a">&#x5C11;&#x5E74;&#x6CD5; /</subfield>
    <subfield code="c">&#x5718;&#x85E4;&#x91CD;&#x5149; ... [et al.].&#x3000;.</subfield>
  </datafield>
  <datafield tag="880" ind1=" " ind2=" ">
    <subfield code="6">250-03/$1</subfield>
    <subfield code="a">&#x521D;&#x7248;.</subfield>
  </datafield>
  <datafield tag="880" ind1=" " ind2=" ">
    <subfield code="6">260-04</subfield>
    <subfield code="a">&#x6771;&#x4EAC; :</subfield>
    <subfield code="b">&#x6709;&#x6590;&#x95A3;,</subfield>
    <subfield code="c">&#x662D;&#x548C; 31 [1956]</subfield>
  </datafield>
  <datafield tag="880" ind1="0" ind2=" ">
    <subfield code="6">490-05</subfield>
    <subfield code="a">&#x30DD;&#x30B1;&#x30C3;&#x30C8;&#x8A3B;&#x91CB;&#x5168;&#x66F8; ;</subfield>
    <subfield code="v">5</subfield>
  </datafield>
  <datafield tag="999" ind1=" " ind2=" ">
    <subfield code="c">35257</subfield>
    <subfield code="d">35257</subfield>
  </datafield>
</record>
